000 00406nam a22001577a 4500
999 _c3963
_d3963
008 200708b ||||| |||| 00| 0 eng d
082 0 0 _a516.33
_bS6421
100 _93274
_aSmith, Charles.
245 1 0 _aElementary treatise on solid geometry
_cby Charles. Smith
250 _a2nd ed.
260 _aLondon
_bMacmillan
_c1957
300 _axv,242p.
365 _d14.40
650 0 _aMathematics
942 _cBK